000 00769nam a2200205Ii 4500
003 JO-AjNU
008 230605s9999||||xx |||||||||||||| ||und||
017 _a2005/10/2375
040 _aJO-AjNU
_bara
_erda
_cJO-AjNU
041 _aara
050 1 4 _aDS154.9.H3.R87 2005
100 3 _aتاليف الروسان، عاطف محمد نهار,
_eauthor
_96993
245 0 0 _aالحرة الأردنية... الصفاوي
264 3 1 _aاربد: المؤلف، 2005
300 _a216ص
_b صور توضبحية
336 _atext
_btxt
_2rdacontent
337 _aunmediated
_bn
_2rdamedia
338 _avolume
_bnc
_2rdacarrier
650 4 _aالبادية الاردنية-الحرة الاردنية الصفاوي- العشائر-الاردن-تالريخ الاردن
_96994
999 _aA54
_c3622
_d3622